00463nam a22001697a 450000500170000001000140001702000250003103500130005603700130006908200080008210000200009024500560011026000340016627000470020030000260024750000200027320100727110520.0 aENG-97127 a9788120337633c95.00 aEN-80660 bDBAD/PUB a883 aGoswami, Ketaki aMulk Raj Anand :cby Ketaki Goswamibearly novels / aNew DelhibPHI Learningc2009 aM-97, Connaught Circus bNew Delhie110001 avii, 88p.c24cm (pbk) aincludes index